| Tag |
First Indicator |
Second Indicator |
Subfields |
| LEADER |
00000cam a2200000 4500 |
| 001 |
in00000027247 |
| 005 |
20151007061258.0 |
| 008 |
750515s1939 enk 00000 eng u |
| 010 |
|
|
|a 40009175
|
| 035 |
|
|
|a (OCoLC)01333706
|
| 035 |
|
|
|9 AAD1654AM
|
| 040 |
|
|
|c DZM
|d TXA
|d UtOrBLW
|
| 049 |
|
|
|a TXAM
|c [198025]
|
| 050 |
0 |
0 |
|a PN511
|b .E48
|
| 082 |
0 |
|
|a 804
|
| 092 |
|
|
|a 804
|b E51e
|
| 100 |
1 |
|
|a Elton, Oliver,
|d 1861-1945.
|
| 245 |
1 |
0 |
|a Essays and addresses /
|c by Oliver Elton.
|
| 264 |
|
1 |
|a London :
|b E. Arnold & co.,
|c [1939]
|
| 300 |
|
|
|a 275 pages ;
|c 19 cm.
|
| 336 |
|
|
|a text
|b txt
|2 rdacontent
|
| 337 |
|
|
|a unmediated
|b n
|2 rdamedia
|
| 338 |
|
|
|a volume
|b nc
|2 rdacarrier
|
| 500 |
|
|
|a "First published 1939."
|
| 505 |
0 |
|
|a Style in Shakespeare.--The present value of Byron.--Robert Bridges and "The testament of beauty."--Alexander Pushkin.--Chekhov.--Karel Capek: short tales and fantasias.--Karel Capek: later novels.--Reason and enthusiasm in the eighteenth century.--The nature of literary criticism.--George Saintsbury.--James Fitzmaurice-Kelly.--Notes.
|
| 650 |
|
0 |
|a Literature, Modern.
|
| 999 |
|
|
|a MARS
|
| 999 |
f |
f |
|s fd3c099d-bfba-3aeb-92db-78a48fc90b60
|i c964ef91-6656-3dfe-baa7-8c3a7b3f54a7
|t 0
|
| 952 |
f |
f |
|p ric
|a Texas A&M University
|b Rellis Campus
|c Joint Library Facility
|d Remote Storage
|t 0
|e PN511 .E48
|h Library of Congress classification
|i unmediated -- volume
|m A14801191932
|
| 998 |
f |
f |
|a PN511 .E48
|t 0
|l Remote Storage
|